A Treasury működése egy kereskedelmi bankban az online kereskedési rendszer bevezetésén keresztül

Bibliographic Details
Main Author: Sztopa András
Other Authors: Sági Dr. Judit
Format: Thesis
Kulcsszavak:treasury
Online platform
devizakereskedelem
Online Access:http://dolgozattar.uni-bge.hu/9140

MARC

LEADER 00000nta a2200000 i 4500
001 dolg9140
005 20161216084044.0
008 161216suuuu hu om 000 hun d
040 |a BGE Dolgozattár Repozitórium  |b hun 
041 |a hu 
100 1 |a Sztopa András 
245 1 2 |a A Treasury működése egy kereskedelmi bankban az online kereskedési rendszer bevezetésén keresztül  |c Sztopa András  |h [elektronikus dokumentum] 
695 |a treasury 
695 |a Online platform 
695 |a devizakereskedelem 
700 1 |a Sági Dr. Judit  |e ths 
856 4 0 |u http://dolgozattar.uni-bge.hu/9140/1/Sztopa%20Andr%C3%A1s_%20txe9vi_%20Szakdolgozat.pdf  |z Dokumentum-elérés 
856 4 0 |u http://dolgozattar.uni-bge.hu/9140/2/Sztopa%20Andr%C3%A1s_txe9vi_%20Titkos%C3%ADt%C3%A1si%20k%C3%A9relem.pdf  |z Dokumentum-elérés